1898 1233 1885 1928 1632 1892 1495 1816 1684 1361 1247 1832 1465 1389 1836 1965 1685 1810 1637 1954 1108 1142 1680 1187 1335 1830 1231 1734 1525 1723 1052 1093 1886 1307 1640 1790 1104 1352 1890 1148 1088 1807 1640 1014 1664 1524 1425 1453 1520 1832 1019 1909 1553 1909 1801 1668 1034 1208 1015 1838 1961 1395 1979 1695 1608 1658 1147 1752 1827 1143 1718 1516 1286 1426 1948 1982 1626 1293 1225 1103 1514 1460 1327 1362 1873 1782 1318 1342 1021 1907 1031 1876 1265 1261 1156 1323 1126 1332 1997 BCNSPRNW ULIB Ver.6.0+V

เปลี่ยนเป็นภาษาไทย

Change to English
 แสดงรายละเอียดบรรณานุกรม
  กลับหน้าหลัก

Brief Record : Get Marc (ISO 2709) : E-mail record : QR code < ปิดหน้าต่าง
LEADER : 00000nam 2200000uu 4500
001    13399110314
003     ULIB
008    110428s2545||||th 000 0 tha d
020    9749076982
060 04 WM203.5^bอ833ช 2545
082 04 618.928982^bอ462ช
100 0  อุมาพร ตรังคสมบัติ
245 10 ช่วยลูกออทิสติก :^bคู่มือสำหรับพ่อแม่ผู้ไม่ยอมแพ้ /^cอุมาพร ตรังคสมบัติ
250    พิมพ์ครั้งที่ 1
260    กรุงเทพฯ :^bศูนย์วิจัยและพัฒนาครอบครัว,^c2545
300    313 หน้า :^bภาพประกอบ, ตาราง
650  2 Autism, Infantile
650  2 Autistic disorder
650  7 เด็กออทิสติก
710 20 ศูนย์วิจัยและพัฒนาครอบครัว
945    ^p300^l0^i015806
945    ^p300^l0^i015805
945    ^p300^l0^i015804
995    ทศพร
999 ^a ใช้งานได้ทุกระบบ
รายการนี้ยังไม่มีแท็ก
คุณยังไม่ได้ล็อกอิน คุณสามารถมีกิจกรรมร่วมกับเว็บไซต์ได้ แต่ต้องล็อกอินก่อน ::
  ล็อกอิน

รายการสื่อสารสนเทศ

ลำดับที่ ประเภท เลขเรียก/บาร์โค้ด สถานที่ สถานะ
- ไม่พบข้อมูล -

รายการใกล้เคียง
    ผู้แต่ง [อุมาพร ตรังคสมบัติ]

    หัวเรื่อง [Autism, Infantile]
    หัวเรื่อง [Autistic disorder]
    หัวเรื่อง [เด็กออทิสติก]

BibComment


ยังไม่เคยถูกคอมเมนท์

คอมเมนท์ทรัพยากรรายการนี้
  คอมเมนท์: ช่วยลูกออทิสติก ..


 Copyright 2026. Bcnsprnw @Library